| 000 | 00600nam a2200205 a 4500 | ||
|---|---|---|---|
| 005 | 20140310183307.0 | ||
| 008 | 050906s19uu xx 00 eng d | ||
| 020 | _a0471274577 | ||
| 050 |
_aTX 911.3.M27 _b.P68 2006 |
||
| 100 | _aPowers, Tom | ||
| 245 |
_aIntroduction to management in the hospitality industry / _cTom Powers |
||
| 250 | _a8th ed. | ||
| 260 |
_aNew Jersey : _bJohn Wiley & Sons, _c2006. |
||
| 300 |
_a667 p. : _bcol. ill. ; _c24 cm. |
||
| 521 | _aTOU | ||
| 650 |
_aHospitality industry _xManagement. |
||
| 700 | _aBarrows, Clayton W. | ||
| 942 |
_cBK _2lcc _kFOR |
||
| 999 |
_c21098 _d21098 |
||